| 000 | 00781nam a2200289Ia 4500 | ||
|---|---|---|---|
| 003 | OSt | ||
| 005 | 20221007123221.0 | ||
| 006 | a|||||r|||| 00| 0 | ||
| 007 | ta | ||
| 008 | 221006b |||||||| |||| 00| 0 eng d | ||
| 020 | _a 0387509860 (New York) | ||
| 020 | _a3-540-50986-0 (Berlin) | ||
| 024 | _a2972 | ||
| 037 | _cTextual | ||
| 040 |
_aPAPL _cPAPL _beng |
||
| 041 |
_2eng _aeng |
||
| 082 | _aCN2, N4 | ||
| 100 |
_aGreiner W _9716874 |
||
| 245 | 0 | _aRelativistic quantum mechanics: wave equations by W Greiner | |
| 260 |
_aBerlin _bSpringer Verlag _c1994 |
||
| 300 |
_a345p _ccm. |
||
| 490 | _aTheoretical physics | ||
| 650 | _a Quantum Mechanics | ||
| 650 | _aPhysics | ||
| 942 |
_hCN2, N4 _cTEXL _2CC |
||
| 999 |
_c1211543 _d1211543 |
||